[Event "Ulster-ch"]
[Site "Belfast"]
[Date "2017.09.03"]
[Round "4.2"]
[White "Kruk, Karina"]
[Black "Scannell, Stephen P"]
[Result "0-1"]
[WhiteElo "1761"]
[BlackElo "2153"]
[PlyCount "46"]
[EventDate "2017.09.02"]
[EventType "swiss"]
[EventRounds "6"]
[EventCountry "NIR"]
[SourceTitle "EXT 2023"]
[Source "ChessBase"]
[SourceDate "2022.10.05"]
[SourceVersion "1"]
[SourceVersionDate "2022.10.05"]
[SourceQuality "1"]

1. d4 f5 2. f4 Nf6 3. Nf3 e6 4. e3 Be7 5. Bd3 0-0 6. 0-0 b6 7. c3 Bb7 8. Qe2 Ne4 9. Nfd2 d6 10. Nxe4 fxe4 11. Bc4 d5 12. Bb3 Ba6 13. c4 c5 14. dxc5 Bxc5 15. Qc2 Nc6 16. Na3 Nb4 17. Qb1 Nd3 18. Nb5 Bxb5 19. cxb5 Nxf4 20. Qc2 Qg5 21. g3 Nh3+ 22. Kg2 Rxf1 23. Kxf1 Rf8+ 0-1

[Event "Ulster-ch"]
[Site "Belfast"]
[Date "2017.09.02"]
[Round "2.1"]
[White "Rush, Stephen"]
[Black "Scannell, Stephen P"]
[Result "1/2-1/2"]
[WhiteElo "2025"]
[BlackElo "2153"]
[PlyCount "45"]
[EventDate "2017.09.02"]
[EventType "swiss"]
[EventRounds "6"]
[EventCountry "NIR"]
[SourceTitle "EXT 2023"]
[Source "ChessBase"]
[SourceDate "2022.10.05"]
[SourceVersion "1"]
[SourceVersionDate "2022.10.05"]
[SourceQuality "1"]

1. d4 f5 2. g3 Nf6 3. Bg2 e6 4. Nf3 Be7 5. 0-0 0-0 6. c4 d6 7. b3 Ne4 8. Qc2 a5 9. Nbd2 Nxd2 10. Bxd2 Nd7 11. e4 Nf6 12. exf5 exf5 13. Bc3 Ne4 14. Bb2 c6 15. Nd2 Nxd2 16. Qxd2 Bd7 17. Rfe1 Bg5 18. f4 Bf6 19. Re2 Qc7 20. d5 Bxb2 21. Qxb2 Qb6+ 22. Kf1 Rae8 23. Rae1 1/2-1/2

[Event "Ulster-ch"]
[Site "Belfast"]
[Date "2011.08.28"]
[Round "4"]
[White "Scannell, Stephen P"]
[Black "Waters, Michael"]
[Result "1-0"]
[WhiteElo "2151"]
[BlackElo "2116"]
[PlyCount "55"]
[EventDate "2011.08.27"]
[EventType "swiss"]
[EventRounds "6"]
[EventCountry "NIR"]
[SourceTitle "EXT 2023"]
[Source "ChessBase"]
[SourceDate "2022.10.05"]
[SourceVersion "1"]
[SourceVersionDate "2022.10.05"]
[SourceQuality "1"]

1. e4 d5 2. exd5 Nf6 3. d4 Nxd5 4. c4 Nf6 5. Nc3 g6 6. Nf3 Bg7 7. Be2 0-0 8. 0-0 c6 9. h3 Nbd7 10. Be3 Nb6 11. Qd2 Bf5 12. Rac1 Re8 13. b3 Ne4 14. Nxe4 Bxe4 15. Ng5 Bf5 16. g4 Bc8 17. f4 f6 18. Ne4 e5 19. dxe5 Qxd2 20. Bxd2 fxe5 21. f5 gxf5 22. gxf5 Rd8 23. Be3 Bd7 24. Kh2 Kh8 25. f6 Bf8 26. Ng5 Ba3 27. Nf7+ Kg8 28. Bh5 1-0

[Event "EU-Cup 22nd"]
[Site "Fuegen"]
[Date "2006.10.12"]
[Round "5.1"]
[White "Goban, Marek"]
[Black "Scannell, Stephen P"]
[Result "0-1"]
[WhiteElo "2148"]
[BlackElo "2157"]
[PlyCount "74"]
[EventDate "2006.10.08"]
[EventType "team-swiss"]
[EventRounds "7"]
[EventCountry "AUT"]
[SourceTitle "CBM 115"]
[Source "ChessBase"]
[SourceDate "2006.11.15"]
[SourceVersion "1"]
[SourceVersionDate "2006.11.15"]
[SourceQuality "1"]
[WhiteTeam "Galway"]
[BlackTeam "Belfast"]
[WhiteTeamCountry "IRL"]
[BlackTeamCountry "IRL"]

1. e4 c5 2. Nc3 Nc6 3. g3 g6 4. Bg2 Bg7 5. Nge2 e6 6. d3 Nge7 7. Be3 Nd4 8. 0-0 0-0 9. f4 d6 10. Kh1 f5 11. Qd2 Rb8 12. Nd1 Nxe2 13. Qxe2 b5 14. e5 Bb7 15. d4 Bxg2+ 16. Qxg2 cxd4 17. Bxd4 dxe5 18. Bxa7 Ra8 19. Bc5 e4 20. c3 Rf7 21. Ne3 Nd5 22. Rfd1 Rd7 23. Qe2 Nxe3 24. Bxe3 Rxa2 25. Rxa2 Rxd1+ 26. Kg2 Rd3 27. Ra6 Qd5 28. Rb6 h5 29. Kh3 Bf6 30. Rb8+ Kh7 31. Rf8 Kg7 32. Rc8 Qb7 33. Rc5 Be7 34. b4 Bxc5 35. Bxc5 Kf7 36. Qb2 e3 37. c4 Qf3 0-1

[Event "EU-Cup 22nd"]
[Site "Fuegen"]
[Date "2006.10.11"]
[Round "4.1"]
[White "Baburin, Alexander"]
[Black "Scannell, Stephen P"]
[Result "1-0"]
[WhiteElo "2541"]
[BlackElo "2157"]
[PlyCount "117"]
[EventDate "2006.10.08"]
[EventType "team-swiss"]
[EventRounds "7"]
[EventCountry "AUT"]
[SourceTitle "CBM 115"]
[Source "ChessBase"]
[SourceDate "2006.11.15"]
[SourceVersion "1"]
[SourceVersionDate "2006.11.15"]
[SourceQuality "1"]
[WhiteTeam "Kilkenny"]
[BlackTeam "Belfast"]
[WhiteTeamCountry "IRL"]
[BlackTeamCountry "IRL"]

1. d4 Nf6 2. c4 e6 3. Nc3 Bb4 4. Qc2 Nc6 5. Nf3 Qe7 6. a3 Bxc3+ 7. Qxc3 d6 8. b4 e5 9. dxe5 Nxe5 10. Bb2 Ng6 11. g3 Bd7 12. Bg2 Bc6 13. 0-0 0-0 14. Rfe1 Be4 15. Bh3 Rfe8 16. Nd2 Bc6 17. e4 Qe5 18. Qc2 Qh5 19. Bg2 Bd7 20. Bxf6 gxf6 21. f4 Bh3 22. Nf3 Bxg2 23. Kxg2 a5 24. b5 Qg4 25. Kf2 Qh3 26. Rad1 h5 27. Qc3 Kg7 28. b6 cxb6 29. Rxd6 Re6 30. Red1 Rae8 31. Rxe6 fxe6 32. Rd7+ Re7 33. Qd4 h4 34. Rxe7+ Nxe7 35. Qxb6 hxg3+ 36. hxg3 Kf7 37. Qxa5 Qh7 38. Qe1 Nc6 39. Qb1 Ke8 40. Qd3 Qe7 41. Kg2 Qc5 42. Qb3 Kd8 43. Qxb7 Qxc4 44. Qb2 Ke7 45. e5 f5 46. Qd2 Ke8 47. Kh2 Ke7 48. Ng5 Ke8 49. Kh3 Nd4 50. Qg2 Qa6 51. Qf2 Qc4 52. Nf3 Nc2 53. Kh4 Qd3 54. Kh5 Ne3 55. Qb2 Ng4 56. Qb8+ Kd7 57. Ng5 Qxa3 58. Qb7+ Kd8 59. Nf7+ 1-0

[Event "EU-Cup 22nd"]
[Site "Fuegen"]
[Date "2006.10.10"]
[Round "3.1"]
[White "Scannell, Stephen P"]
[Black "Jones, Gawain C B"]
[Result "0-1"]
[WhiteElo "2157"]
[BlackElo "2430"]
[PlyCount "104"]
[EventDate "2006.10.08"]
[EventType "team-swiss"]
[EventRounds "7"]
[EventCountry "AUT"]
[SourceTitle "CBM 115"]
[Source "ChessBase"]
[SourceDate "2006.11.15"]
[SourceVersion "1"]
[SourceVersionDate "2006.11.15"]
[SourceQuality "1"]
[WhiteTeam "Belfast"]
[BlackTeam "Slough Sharks"]
[WhiteTeamCountry "IRL"]
[BlackTeamCountry "ENG"]

1. e4 c5 2. c3 Nf6 3. e5 Nd5 4. d4 cxd4 5. Nf3 e6 6. cxd4 d6 7. Bc4 Nc6 8. 0-0 Be7 9. Bd2 0-0 10. Nc3 dxe5 11. dxe5 Nb6 12. Bb3 Na5 13. Bc2 Nbc4 14. Qe2 Nxd2 15. Nxd2 Nc6 16. Qe4 g6 17. Nf3 Qb6 18. Na4 Qa5 19. a3 Bd7 20. Rac1 Rac8 21. b4 Qc7 22. Bb3 Qb8 23. Rfd1 Rfd8 24. h4 Be8 25. Nc5 Rxd1+ 26. Bxd1 a5 27. Nd3 axb4 28. axb4 Na7 29. Qf4 Rxc1 30. Qxc1 Bb5 31. Nc5 Nc6 32. Qf4 Qd8 33. Bb3 Bxc5 34. bxc5 Qd3 35. Ng5 Qb1+ 36. Kh2 Qf5 37. Qxf5 gxf5 38. f4 Nb4 39. Bd1 h6 40. Nf3 Na6 41. Nd4 Bd7 42. Kg3 Nxc5 43. Kf3 f6 44. exf6 Kf7 45. Ke3 Kxf6 46. Nf3 Bc6 47. g3 Ne4 48. g4 fxg4 49. Ne5 g3 50. Bf3 Nd6 51. Nxc6 bxc6 52. Bxc6 Nf5+ 0-1

[Event "EU-Cup 22nd"]
[Site "Fuegen"]
[Date "2006.10.09"]
[Round "2.1"]
[White "Pilgaard, Kim"]
[Black "Scannell, Stephen P"]
[Result "1-0"]
[WhiteElo "2421"]
[BlackElo "2157"]
[PlyCount "105"]
[EventDate "2006.10.08"]
[EventType "team-swiss"]
[EventRounds "7"]
[EventCountry "AUT"]
[SourceTitle "CBM 115"]
[Source "ChessBase"]
[SourceDate "2006.11.15"]
[SourceVersion "1"]
[SourceVersionDate "2006.11.15"]
[SourceQuality "1"]
[WhiteTeam "Bronshoj"]
[BlackTeam "Belfast"]
[WhiteTeamCountry "DEN"]
[BlackTeamCountry "IRL"]

1. e4 c5 2. Nf3 g6 3. d4 cxd4 4. Nxd4 Nc6 5. c4 Nf6 6. Nc3 d6 7. Nc2 Bg7 8. Be2 0-0 9. 0-0 Bd7 10. Be3 Rc8 11. f4 Na5 12. Na3 Nxe4 13. Nxe4 Bxb2 14. Qd3 Bf5 15. Bf3 d5 16. cxd5 Rc3 17. Qxc3 Bxc3 18. Nxc3 a6 19. Rac1 Qd6 20. Nab1 b5 21. Kh1 Bxb1 22. Nxb1 Nc4 23. Rce1 Re8 24. Bc1 Qb4 25. Be4 Nd6 26. Ba3 Qa5 27. Bf3 b4 28. Bb2 Qxa2 29. Re2 Qc4 30. Rfe1 a5 31. Nd2 Qd3 32. Ne4 Nxe4 33. Rxe4 Qxd5 34. Rxe7 Rxe7 35. Rxe7 Qb5 36. h3 a4 37. Rb7 Qf1+ 38. Kh2 f5 39. Rxb4 Qa6 40. Rb8+ Kf7 41. Ra8 Qc4 42. Be5 h5 43. Ra7+ Ke8 44. Bd1 a3 45. Rxa3 h4 46. Ra8+ Ke7 47. Ra7+ Kd8 48. Rg7 Qe6 49. Ba4 Qa6 50. Bb3 Qa3 51. Bf6+ Ke8 52. Re7+ Kf8 53. Rb7 1-0

[Event "EU-Cup 22nd"]
[Site "Fuegen"]
[Date "2006.10.08"]
[Round "1.1"]
[White "Scannell, Stephen P"]
[Black "Polzin, Rainer"]
[Result "0-1"]
[WhiteElo "2157"]
[BlackElo "2480"]
[PlyCount "103"]
[EventDate "2006.10.08"]
[EventType "team-swiss"]
[EventRounds "7"]
[EventCountry "AUT"]
[SourceTitle "EXT 2020"]
[Source "ChessBase"]
[SourceDate "2019.10.17"]
[SourceVersion "1"]
[SourceVersionDate "2019.10.17"]
[SourceQuality "1"]
[WhiteTeam "Belfast"]
[BlackTeam "Berlin SF"]
[WhiteTeamCountry "IRL"]
[BlackTeamCountry "GER"]

1. d4 Nf6 2. Nf3 c5 3. c4 cxd4 4. Nxd4 e5 5. Nb5 d5 6. cxd5 Bc5 7. e3 0-0 8. N5c3 e4 9. Nd2 Bf5 10. a3 Nbd7 11. Nc4 a6 12. b4 Ba7 13. Bb2 Nb6 14. Nxb6 Qxb6 15. Be2 Rfe8 16. 0-0 Rad8 17. Na4 Qd6 18. Bxf6 Bb8 19. g3 Qxf6 20. Qd2 Re5 21. Nc3 h5 22. Bxh5 Bh3 23. Be2 Bxf1 24. Bxf1 Rh5 25. Rd1 Qh6 26. Nxe4 Rxh2 27. Bg2 Rh5 28. Nc5 Qb6 29. Bf3 Rf5 30. Kg2 a5 31. e4 Rf6 32. Nd3 axb4 33. Qxb4 Qxb4 34. axb4 Rb6 35. Rc1 f6 36. Bg4 g6 37. Be6+ Kg7 38. Rc3 Be5 39. Nxe5 fxe5 40. Rc4 Kf6 41. f4 g5 42. Kf3 gxf4 43. gxf4 Re8 44. Rc7 Rf8 45. f5 Rxb4 46. d6 Rd4 47. d7 Ra8 48. Bd5 Ke7 49. f6+ Kd6 50. Rc8 Ra3+ 51. Kg4 Kxd7 52. f7 0-1

[Event "Ulster-ch"]
[Site "Belfast"]
[Date "2005.05.01"]
[Round "3"]
[White "McDonnell, James J"]
[Black "Scannell, Stephen P"]
[Result "1-0"]
[WhiteElo "2036"]
[BlackElo "2150"]
[PlyCount "99"]
[EventDate "2005.04.30"]
[EventType "swiss"]
[EventRounds "6"]
[EventCountry "NIR"]
[SourceTitle "EXT 2023"]
[Source "ChessBase"]
[SourceDate "2022.10.05"]
[SourceVersion "1"]
[SourceVersionDate "2022.10.05"]
[SourceQuality "1"]

1. e4 c5 2. Nf3 d6 3. d4 cxd4 4. Nxd4 Nf6 5. Nc3 Nc6 6. Be3 g6 7. f3 Bg7 8. Qd2 0-0 9. g4 Bd7 10. 0-0-0 Rc8 11. Kb1 Ne5 12. h4 h5 13. gxh5 Nxh5 14. Rg1 b5 15. Bh6 Kh7 16. Bxg7 Nxg7 17. f4 Ng4 18. Bxb5 Rc5 19. Bxd7 Qxd7 20. Nf3 Rfc8 21. Ng5+ Kg8 22. Rg3 Qb7 23. Nd5 Rxc2 24. Qxc2 Rxc2 25. Kxc2 Nh5 26. Rb3 Qd7 27. Rf1 f6 28. Nf3 e6 29. Ne3 Nxe3+ 30. Rxe3 Nxf4 31. Kb1 Kg7 32. Rd1 Kh6 33. e5 Nd5 34. Rxd5 exd5 35. e6 Qe8 36. e7 Kh5 37. Nd4 Kxh4 38. Nb5 d4 39. Re1 d3 40. Nxd6 Qc6 41. e8Q Qxd6 42. Rg1 Qc5 43. Qh8+ Qh5 44. Rh1+ Kg5 45. Rxh5+ gxh5 46. Qg7+ Kf5 47. Qh6 h4 48. Qxh4 Ke5 49. Kc1 f5 50. Kd2 1-0

[Event "Ulster-ch"]
[Site "Belfast"]
[Date "2002.12.29"]
[Round "5"]
[White "Nixon, Rodney J"]
[Black "Scannell, Stephen P"]
[Result "1-0"]
[WhiteElo "2035"]
[BlackElo "2155"]
[PlyCount "63"]
[EventDate "2002.12.27"]
[EventType "swiss"]
[EventRounds "7"]
[EventCountry "NIR"]
[SourceTitle "EXT 2023"]
[Source "ChessBase"]
[SourceDate "2022.10.05"]
[SourceVersion "1"]
[SourceVersionDate "2022.10.05"]
[SourceQuality "1"]

1. d4 Nf6 2. c4 g6 3. Nc3 Bg7 4. e4 d6 5. Bg5 0-0 6. Qd2 Nc6 7. d5 Ne5 8. f4 Ned7 9. Nf3 Nc5 10. Bd3 c6 11. 0-0 Qb6 12. Kh1 Re8 13. b3 Ng4 14. Bh4 cxd5 15. Nxd5 Qd8 16. Rad1 Be6 17. Bb1 Bxd5 18. cxd5 Rc8 19. h3 Nf6 20. Qe2 Nh5 21. Nd4 Qb6 22. e5 Nxf4 23. Rxf4 dxe5 24. Nf5 exf4 25. Nxe7+ Kf8 26. Nxc8 Rxe2 27. Nxb6 axb6 28. d6 Ke8 29. b4 Nd7 30. Rc1 Ne5 31. Rc7 Rd2 32. d7+ 1-0

[Event "IRL-ch"]
[Site "Greystones"]
[Date "2002.07.14"]
[Round "9"]
[White "Keogh, Eamon"]
[Black "Scannell, Stephen P"]
[Result "0-1"]
[WhiteElo "2142"]
[BlackElo "2144"]
[PlyCount "88"]
[EventDate "2002.07.06"]
[EventType "swiss"]
[EventRounds "9"]
[EventCountry "IRL"]
[SourceTitle "EXT 2006"]
[Source "ChessBase"]
[SourceDate "2005.11.24"]
[SourceVersion "1"]
[SourceVersionDate "2005.11.24"]
[SourceQuality "1"]

1. e4 c5 2. Nc3 Nc6 3. g3 g6 4. Bg2 Bg7 5. d3 d6 6. Be3 e6 7. Qd2 Qa5 8. Nge2 Nd4 9. 0-0 Ne7 10. Nf4 Bd7 11. h4 h5 12. Qd1 b5 13. Bd2 b4 14. Nb1 Ba4 15. Na3 Qa6 16. Nc4 Bxc2 17. Qc1 e5 18. Re1 exf4 19. Bxf4 Rd8 20. e5 dxe5 21. Nxe5 0-0 22. Qd2 Ba4 23. Rac1 f6 24. Nc4 Nef5 25. Ne3 Bc6 26. Nxf5 gxf5 27. Re3 Bxg2 28. Kxg2 Qc6+ 29. f3 Rfe8 30. Rce1 Kf7 31. Qc1 Qd5 32. b3 Bf8 33. Qd1 Rxe3 34. Rxe3 Re8 35. Kf2 Rxe3 36. Bxe3 Bd6 37. f4 Kg6 38. Bxd4 Qxd4+ 39. Kg2 Qe3 40. Qc2 Be7 41. Qc4 Qe2+ 42. Kg1 Kg7 43. Qa6 Kf7 44. Kh1 Qe6 0-1

[Event "IRL-ch"]
[Site "Greystones"]
[Date "2002.07.11"]
[Round "6"]
[White "Jeffares, Simon"]
[Black "Scannell, Stephen P"]
[Result "1/2-1/2"]
[WhiteElo "2039"]
[BlackElo "2144"]
[PlyCount "108"]
[EventDate "2002.07.06"]
[EventType "swiss"]
[EventRounds "9"]
[EventCountry "IRL"]
[SourceTitle "EXT 2006"]
[Source "ChessBase"]
[SourceDate "2005.11.24"]
[SourceVersion "1"]
[SourceVersionDate "2005.11.24"]
[SourceQuality "1"]

1. e4 c5 2. Nf3 Nc6 3. d4 cxd4 4. Nxd4 g6 5. c4 Nf6 6. Nc3 d6 7. Be2 Nxd4 8. Qxd4 Bg7 9. Be3 0-0 10. Qd2 Qa5 11. 0-0 a6 12. f3 Be6 13. Nd5 Qxd2 14. Bxd2 Nxd5 15. cxd5 Bd7 16. Be3 Rfc8 17. Bd1 Rc7 18. Rf2 Rac8 19. Bb3 Bb5 20. Rd1 a5 21. Bb6 Rc1 22. Be3 Rxd1+ 23. Bxd1 a4 24. Be2 Bc4 25. Bxc4 Rxc4 26. Kf1 f5 27. exf5 gxf5 28. Bg5 Kf7 29. Re2 Be5 30. g3 Rb4 31. f4 Bf6 32. Bxf6 Kxf6 33. Rd2 e6 34. dxe6 Kxe6 35. Ke2 d5 36. Kf3 h5 37. h3 d4 38. Ke2 b5 39. Kd3 Rc4 40. Re2+ Kf6 41. a3 Rc1 42. Kxd4 h4 43. g4 Rc4+ 44. Ke3 fxg4 45. hxg4 b4 46. Rh2 bxa3 47. bxa3 h3 48. g5+ Kf5 49. Kd3 Rxf4 50. Rxh3 Kxg5 51. Kc3 Kf5 52. Rh5+ Ke6 53. Rb5 Kd6 54. Rb4 Rxb4 1/2-1/2

[Event "IRL-ch"]
[Site "Greystones"]
[Date "2002.07.09"]
[Round "4"]
[White "Scannell, Stephen P"]
[Black "Collins, Sam E"]
[Result "0-1"]
[WhiteElo "2144"]
[BlackElo "2313"]
[PlyCount "88"]
[EventDate "2002.07.06"]
[EventType "swiss"]
[EventRounds "9"]
[EventCountry "IRL"]
[SourceTitle "EXT 2006"]
[Source "ChessBase"]
[SourceDate "2005.11.24"]
[SourceVersion "1"]
[SourceVersionDate "2005.11.24"]
[SourceQuality "1"]

1. d4 e6 2. Nf3 c5 3. e3 Nf6 4. Bd3 Nc6 5. 0-0 d5 6. b3 Be7 7. Bb2 cxd4 8. exd4 0-0 9. Nbd2 Qc7 10. a3 a5 11. Ne5 Nxe5 12. dxe5 Nd7 13. Re1 f5 14. exf6 Nxf6 15. Nf3 Ng4 16. Ne5 Nxe5 17. Bxe5 Qb6 18. Qh5 Qxf2+ 19. Kh1 Qh4 20. Bxh7+ Kh8 21. Bg6+ Qxh5 22. Bxh5 Bd7 23. Re3 Kg8 24. Rae1 Rf2 25. Rg3 Bf6 26. Kg1 Bxe5 27. Kxf2 Bxg3+ 28. Kxg3 a4 29. Re3 d4 30. Re4 axb3 31. cxb3 Rxa3 32. Bd1 d3 33. Re3 Bc6 34. Rxd3 e5 35. Bg4 Kf7 36. Rc3 Ra2 37. Bf3 e4 38. Bg4 Kf6 39. h4 Ke5 40. Rc5+ Kd4 41. Rg5 e3 42. Bf3 Bxf3 43. gxf3 Ra1 44. Rg4+ Kd3 0-1

[Event "Ulster-ch"]
[Site "Belfast"]
[Date "2001.12.30"]
[Round "7"]
[White "Scannell, Stephen P"]
[Black "Douglas, Timothy"]
[Result "1/2-1/2"]
[WhiteElo "2144"]
[BlackElo "2174"]
[PlyCount "141"]
[EventDate "2001.12.27"]
[EventType "swiss"]
[EventRounds "7"]
[EventCountry "NIR"]
[SourceTitle "EXT 2023"]
[Source "ChessBase"]
[SourceDate "2022.10.05"]
[SourceVersion "1"]
[SourceVersionDate "2022.10.05"]
[SourceQuality "1"]

1. d4 d6 2. e4 g6 3. Nf3 Bg7 4. c3 Nf6 5. Bd3 0-0 6. Bg5 Qe8 7. 0-0 e5 8. dxe5 dxe5 9. Qe2 Nbd7 10. Nbd2 h6 11. Be3 Ng4 12. Nc4 Nxe3 13. Nxe3 Nc5 14. Bc2 Ne6 15. g3 Bd7 16. Rfd1 Rd8 17. Rd2 Bb5 18. Rxd8 Bxe2 19. Rxe8 Rxe8 20. Bd1 Bd3 21. Bc2 Be2 22. Kg2 Rd8 23. Re1 Bd3 24. Rd1 Bxc2 25. Rxd8+ Nxd8 26. Nxc2 Kf8 27. Ne3 Ke7 28. Kf1 Ke6 29. Ke2 Nc6 30. Kd3 Bf8 31. b4 a5 32. b5 Na7 33. Kc4 Nc8 34. a4 Nb6+ 35. Kb3 Bc5 36. Nd1 f5 37. Nd2 f4 38. g4 c6 39. bxc6 bxc6 40. f3 Be3 41. Nc4 Nxc4 42. Kxc4 Bb6 43. Nb2 Kd6 44. Nd3 Be3 45. Kb3 Bb6 46. Kc2 Bc7 47. Nb2 Kc5 48. Kd3 Kd6 49. Nc4+ Ke6 50. Nd2 Kd6 51. Nb3 Bd8 52. Nd2 Bc7 53. c4 c5 54. Nb1 Bd8 55. Nc3 Kc6 56. Nd5 g5 57. Ke2 Kb7 58. Kf2 Kc6 59. Kg2 Kb7 60. Nc3 Kc6 61. Na2 Kb7 62. Nc1 Kc6 63. Nd3 Kd6 64. h3 Be7 65. h4 Bd8 66. Kh3 Be7 67. Ne1 Bd8 68. Nc2 Be7 69. Na3 Bd8 70. Nb5+ Kd7 71. Nc3 1/2-1/2

[Event "IRL-ch"]
[Site "Greystones"]
[Date "2001.07.15"]
[Round "9"]
[White "Scannell, Stephen P"]
[Black "Killane, Jack"]
[Result "1-0"]
[WhiteElo "2152"]
[BlackElo "2178"]
[PlyCount "57"]
[EventDate "2001.07.07"]
[EventType "swiss"]
[EventRounds "9"]
[EventCountry "IRL"]
[SourceTitle "EXT 2012"]
[Source "ChessBase"]
[SourceDate "2011.11.24"]
[SourceVersion "1"]
[SourceVersionDate "2011.11.24"]
[SourceQuality "1"]

1. d4 e6 2. Nf3 d5 3. e3 f5 4. Bd3 Nf6 5. 0-0 Be7 6. Nbd2 0-0 7. b3 Qe8 8. c4 c6 9. Bb2 Qh5 10. Ne5 Qxd1 11. Raxd1 Nbd7 12. f3 c5 13. h3 b6 14. g4 g6 15. e4 fxe4 16. fxe4 cxd4 17. Bxd4 Bc5 18. Bxc5 Nxc5 19. g5 Nxd3 20. Nxd3 Nxe4 21. Rxf8+ Kxf8 22. Nxe4 dxe4 23. Ne5 Ke7 24. Kf2 a6 25. Ke3 Ke8 26. Rd6 Rb8 27. Nc6 Ra8 28. Rd8+ Kf7 29. Ne5+ 1-0

[Event "IRL-ch"]
[Site "Greystones"]
[Date "2001.07.11"]
[Round "5"]
[White "Heidenfeld, Mark"]
[Black "Scannell, Stephen P"]
[Result "1-0"]
[WhiteElo "2369"]
[BlackElo "2152"]
[PlyCount "65"]
[EventDate "2001.07.07"]
[EventType "swiss"]
[EventRounds "9"]
[EventCountry "IRL"]
[SourceTitle "EXT 2012"]
[Source "ChessBase"]
[SourceDate "2011.11.24"]
[SourceVersion "1"]
[SourceVersionDate "2011.11.24"]
[SourceQuality "1"]

1. e4 c5 2. Nf3 Nc6 3. d4 cxd4 4. Nxd4 g6 5. c4 Nf6 6. Nc3 d6 7. Be2 Nxd4 8. Qxd4 Bg7 9. Be3 0-0 10. Qd2 Qa5 11. Rc1 a6 12. f3 Bd7 13. 0-0 Rfc8 14. b4 Qd8 15. Rfd1 Be6 16. c5 dxc5 17. Qe1 Nd7 18. bxc5 Qa5 19. Nd5 Qxe1+ 20. Rxe1 Kf8 21. Rc2 Rc6 22. Rec1 Rac8 23. Nb4 R6c7 24. c6 bxc6 25. Nxa6 Rb7 26. Rxc6 Rxc6 27. Rxc6 Ne5 28. Rc2 Rb1+ 29. Kf2 Ra1 30. Nc5 Bf6 31. Nxe6+ fxe6 32. f4 Nf7 33. e5 1-0

[Event "Target Recruitment Masters"]
[Site "Belfast"]
[Date "2001.04.01"]
[Round "6"]
[White "Scannell, Stephen P"]
[Black "Cooper, John Grantley"]
[Result "0-1"]
[WhiteElo "2152"]
[BlackElo "2341"]
[PlyCount "79"]
[EventDate "2001.03.30"]
[EventType "swiss"]
[EventRounds "6"]
[EventCountry "IRL"]
[SourceTitle "CBM 081 Extra"]
[Source "ChessBase"]
[SourceDate "2001.05.06"]
[SourceVersion "1"]
[SourceVersionDate "2001.05.06"]
[SourceQuality "1"]

1. d4 Nf6 2. c4 e6 3. Nc3 Bb4 4. e3 c5 5. Nge2 cxd4 6. exd4 d5 7. a3 Be7 8. c5 Nc6 9. b4 a6 10. Na4 Nd7 11. Nf4 Nxd4 12. Bb2 Nf5 13. g4 Nh4 14. Bxg7 Rg8 15. Nh5 Nf6 16. Bxf6 Bxf6 17. Be2 Be5 18. Nb6 Rb8 19. Qa4+ Bd7 20. Nxd7 Qxd7 21. Qxd7+ Kxd7 22. 0-0-0 a5 23. Kc2 axb4 24. axb4 Ra8 25. Kb3 Ra7 26. Rhe1 Bh8 27. Bb5+ Kc7 28. Nf4 Nf3 29. Nxd5+ exd5 30. Re7+ Kb8 31. Rxd5 Nd4+ 32. Kc4 Nxb5 33. Kxb5 Rf8 34. Rh5 Bf6 35. Rd7 Kc8 36. Rdd5 Ra2 37. Rdf5 Bd4 38. f3 f6 39. Rxh7 Rd8 40. h4 0-1

[Event "Target Recruitment Masters"]
[Site "Belfast"]
[Date "2001.03.31"]
[Round "3"]
[White "Scannell, Stephen P"]
[Black "Jonkman, Harmen"]
[Result "0-1"]
[WhiteElo "2152"]
[BlackElo "2383"]
[PlyCount "98"]
[EventDate "2001.03.30"]
[EventType "swiss"]
[EventRounds "6"]
[EventCountry "IRL"]
[SourceTitle "CBM 081 Extra"]
[Source "ChessBase"]
[SourceDate "2001.05.06"]
[SourceVersion "1"]
[SourceVersionDate "2001.05.06"]
[SourceQuality "1"]

1. d4 d5 2. c4 dxc4 3. Nf3 Nf6 4. e3 e6 5. Bxc4 a6 6. 0-0 c5 7. dxc5 Bxc5 8. Qxd8+ Kxd8 9. Rd1+ Ke7 10. a3 b5 11. Be2 Bb7 12. b4 Bd6 13. Bb2 Nbd7 14. Nbd2 Rhc8 15. Rac1 Bd5 16. Nd4 Nb6 17. f3 Na4 18. Ba1 Nd7 19. e4 Bb7 20. g3 Bc7 21. f4 Bb6 22. Kg2 g6 23. Bf3 e5 24. N4b3 h5 25. fxe5 Nf8 26. Rxc8 Rxc8 27. Rc1 Rd8 28. Kf1 Rd3 29. Bd1 Ne6 30. Bc2 Rd8 31. Nf3 Be3 32. Rd1 Rxd1+ 33. Bxd1 Bxe4 34. Ke2 Bh6 35. Ne1 Nb6 36. Nd3 Nd7 37. Nd2 Bb7 38. a4 Bd5 39. axb5 axb5 40. Bb3 Nc7 41. Bxd5 Nxd5 42. Ne4 Nb8 43. Nd6 Nc7 44. Kf3 Nc6 45. Ke4 Bd2 46. Nc8+ Kd7 47. Nd6 Ke7 48. Bd4 f5+ 49. Kf3 Nxd4+ 0-1

[Event "BCF-ch 86th"]
[Site "Scarborough"]
[Date "1999.08.06"]
[Round "6"]
[White "Palliser, Richard"]
[Black "Scannell, Stephen P"]
[Result "1-0"]
[WhiteElo "2253"]
[BlackElo "2069"]
[PlyCount "125"]
[EventDate "1999.08.05"]
[EventType "swiss"]
[EventRounds "11"]
[EventCountry "ENG"]
[SourceTitle "CBM 071 Extra"]
[Source "ChessBase"]
[SourceDate "1999.09.14"]
[SourceVersion "1"]
[SourceVersionDate "1999.09.14"]
[SourceQuality "1"]

1. d4 Nf6 2. c4 Nc6 3. Nf3 e6 4. Nc3 Bb4 5. Qc2 d6 6. Bd2 Qe7 7. a3 Bxc3 8. Bxc3 a5 9. b3 e5 10. dxe5 dxe5 11. e3 Bg4 12. Nd2 Bh5 13. Bd3 Bg6 14. Ne4 Nxe4 15. Bxe4 Qc5 16. Bb2 0-0 17. Bxg6 hxg6 18. 0-0 Rad8 19. Rfd1 Rfe8 20. h3 Rxd1+ 21. Rxd1 Rd8 22. Rxd8+ Nxd8 23. Qe4 Nc6 24. Qd5 Qb6 25. Qb5 f6 26. Bc3 Qxb5 27. cxb5 Na7 28. Bxa5 b6 29. Bb4 Nxb5 30. a4 Na7 31. Bc3 Kf7 32. b4 Ke6 33. e4 b5 34. a5 Nc6 35. Kf1 Nb8 36. Ke2 Kd6 37. Kd3 c5 38. Kc2 Na6 39. Kb3 Kc6 40. h4 Kd6 41. Bd2 Kc6 42. g3 Kd6 43. Be1 Kc6 44. Bc3 Kd6 45. f4 exf4 46. gxf4 Kc6 47. f5 gxf5 48. exf5 c4+ 49. Ka3 Kd6 50. h5 Ke7 51. Kb2 Kf7 52. Bd2 Ke7 53. Kc3 Kd7 54. Kd4 Kc6 55. Bg5 Nxb4 56. Bxf6 c3 57. Bxg7 Nd5 58. Kd3 Nf4+ 59. Kxc3 Nxh5 60. Be5 Kc5 61. Kd3 Kd5 62. a6 Kc6 63. Ke3 1-0